Tehly s tepelnou izoláciou na báze minerálnej vlny v dutinách

Bibliographic Details
Main Author: Szöllösi, Gabriel (Author)
Format: Article
Language:Slovak

MARC

LEADER 00000nab a2200000ua 4500
001 vtls010854951
003 SK-MaSNL
005 20260303141410.0
008 230222s2012 xo |||||||||||||||||slo|
035 |a (urnnbn)urn:nbn:sk:snk:ar-a07gp3 
035 |a urn:nbn:sk:snk-ab6edr 
035 |a (uuid)202eeac6-0c35-4c11-9796-d3f17d77c546 
040 |a SNKBUCL  |b slo  |c SNKBUCL  |e AACR2 
041 0 |a slo 
044 |a xo  |c SK 
100 1 |a Szöllösi, Gabriel  |4 aut  |9 329075 
245 1 0 |a Tehly s tepelnou izoláciou na báze minerálnej vlny v dutinách  |c Gabriel Szöllösi 
773 0 |t Stavebné materiály : technológie, výrobky, konštrukcie  |g Roč. 8, č. 2 (2012), s. 34-37 
954 |a odborná, vedecká literatúra pôvodná (slovenská)  |2 lita 
958 |a OND 
958 |a EUIPO 
958 |a article5 
999 |c 1976017  |d 1977947